00450nam a22001577a 450000500170000000800410001702000150005802200130007304100120008608200120009810000120011024500640012226000560018630000250024265000250026720240809135739.0240809b |||||||| |||| 00| 0 eng d a0409016764 a03789373 aEnglish a349 SOU lEnglish aIndex and Noter-Up to the South African Law Reports 1991-92 aDurban: bButterworth Publishers (Pty) Ltd, c1993  b239 pages; c25 cm.  aLegal practice bLaw